I wish I didn't have to tell you this /

"In a stunning sequel to The Genius Under the Table, Eugene Yelchin's graphic memoir depicts his harrowing journey from Leningrad's underground art scene to a state-run Siberian asylum--and to eventual safety in the US. No longer the creative little boy under his grandmother's ta...

Full description

Bibliographic Details
Main Author: Yelchin, Eugene (Author)
Format: Book
Language:English
Published: Somerville, Massachusetts : Candlewick Press, 2025.
Edition:First edition.
Subjects:

MARC

Tag First Indicator Second Indicator Subfields
LEADER 00000cam a2200000 i 4500
001 in00005692921
003 OCoLC
005 20260123141611.7
008 250103t20252025maua d 6 000 0aeng d
024 8 |a 40033087628 
040 |a YDX  |b eng  |e rda  |c YDX  |d OCLCO  |d IG#  |d GK8  |d WIM  |d OCLCO  |d RNL  |d OCLCO  |d T7A  |d OCLCO  |d UIU  |d YDX  |d NTG  |d MLSOD  |d YEQ  |d UAH  |d EHH  |d TOH  |d IBI  |d OCLCO  |d XFF 
019 |a 1535747736 
020 |a 9781536215533  |q (hardcover) 
020 |a 1536215538  |q (hardcover) 
035 |a (OCoLC)1482059558  |z (OCoLC)1535747736 
043 |a e-ur---  |a e-ru--- 
050 4 |a PS3625.E434  |b Z46 2025 
050 1 4 |a PN6727.Y453  |b I29 2025 
082 0 4 |a 947.085/0092  |2 23/eng/20250924 
082 1 4 |a 813.6 Yel 
100 1 |a Yelchin, Eugene,  |e author.  |e artist  |1 https://id.oclc.org/worldcat/entity/E39PBJhmMpXFBYtjwy7wcwwt8C 
245 1 0 |a I wish I didn't have to tell you this /  |c Eugene Yelchin. 
246 3 |a I wish I did not have to tell you this 
250 |a First edition. 
264 1 |a Somerville, Massachusetts :  |b Candlewick Press,  |c 2025. 
264 4 |c ©2025 
300 |a 423 pages :  |b chiefly illustrations ;  |c 24 cm 
336 |a text  |b txt  |2 rdacontent 
336 |a still image  |b sti  |2 rdacontent 
337 |a unmediated  |b n  |2 rdamedia 
338 |a volume  |b nc  |2 rdacarrier 
380 |a Comic or graphic novel 
521 1 |a Ages 13 to 17. 
520 |a "In a stunning sequel to The Genius Under the Table, Eugene Yelchin's graphic memoir depicts his harrowing journey from Leningrad's underground art scene to a state-run Siberian asylum--and to eventual safety in the US. No longer the creative little boy under his grandmother's table, Yevgeny is now a young adult, pursuing his artistic dreams under the constant threat of the KGB's stranglehold on Russia's creative scene. When a chance encounter with an American woman opens him up to a world of romance and possibility, Yevgeny believes he has found his path to the future--and freedom overseas. But the threat of being drafted into the military and sent to fight in Afghanistan changes everything in a terrible instant, and he takes drastic measures to decide his fate, leading to unthinkable consequences in a mental hospital. With bold art bringing a vivid reality to life, National Book Award Finalist and Newbery Honoree Eugene Yelchin's sequel to the acclaimed memoir The Genius Under the Table returns to Yevgeny's saga, balancing the terror and oppression of Soviet Russia with the author's signature charm and dark wit. I Wish I Didn't Have to Tell You This shines a stark spotlight on history while offering a poignant, nuanced, and powerfully resonant look at growing up in--and ultimately leaving--Cold War Russia in the early 1980s."--Amazon.com. 
586 |a Horn Book Fanfare List, 2026 
600 1 0 |a Yelchin, Eugene. 
600 1 0 |a Yelchin, Eugene  |v Comic books, strips, etc.  |v Juvenile literature. 
651 0 |a Soviet Union  |x History  |y 1953-1985  |v Biography. 
651 0 |a Soviet Union  |x History  |y 1953-1985  |v Comic books, strips, etc.  |v Juvenile literature. 
650 0 |a Artists  |v Comic books, strips, etc.  |v Juvenile literature. 
650 1 |a Artists. 
651 1 |a Soviet Union. 
651 6 |a URSS  |x Histoire  |y 1953-1985  |v Biographies. 
655 0 |a Autobiographical comics. 
655 0 |a Nonfiction comics. 
655 0 |a Graphic novels. 
655 0 |a Comics (Graphic works) 
655 7 |a YAN012010.  |2 bisacsh 
655 7 |a YAN006010.  |2 bisacsh 
655 7 |a YAN047080.  |2 bisacsh 
655 7 |a Autobiographical comics.  |2 lcgft 
655 7 |a Nonfiction comics.  |2 lcgft 
655 7 |a Graphic novels.  |2 lcgft 
655 7 |a Comics (Graphic works)  |2 lcgft 
655 7 |a Graphic books.  |2 local 
655 7 |a Bandes dessinées autobiographiques.  |2 rvmgf 
655 7 |a Bandes dessinées.  |2 rvmgf 
655 7 |a Bandes dessinées autres que de fiction.  |2 rvmgf 
945 |b 654321 
947 |a A14852324053 
980 |b print  |c 40033087628  |g 565712  |k USD  |m 20.69  |q 1  |s AcqMono Conventional  |t Approval plan  |u Vendor order reference number  |v ZYBP  |y Print approval  |z Physical resource 
999 f f |i e0ace32d-bd50-4c15-a891-2f13dba2cc91  |s 0c379c70-8cf9-41c2-84e3-dbb7f1887056  |t 0 
952 f f |p newbook  |a Texas A&M University  |b College Station  |c Sterling C. Evans Library  |s Evans nbs  |d Evans: New Book Shelves (1st floor)  |t 0  |e PS3625.E434 Z46 2025  |h Library of Congress classification  |i unmediated -- volume  |m A14852324053 
998 f f |a PS3625.E434 Z46 2025  |t 0  |l Evans: Curriculum Collection (4th floor)